Freedom of the press (Record no. 43986)

MARC details
000 -LEADER
fixed length control field 00698nam a2200193 a 4500
008 - FIXED-LENGTH DATA ELEMENTS--GENERAL INFORMATION
fixed length control field 120416s1976 ||||||||||||||||| || u
020 ## - INTERNATIONAL STANDARD BOOK NUMBER
International Standard Book Number 0844720755
050 ## - LIBRARY OF CONGRESS CALL NUMBER
Classification number KB 53 Fre
100 ## - MAIN ENTRY--PERSONAL NAME
Personal name Ruckelshaus, William
245 10 - TITLE STATEMENT
Title Freedom of the press
246 ## - VARYING FORM OF TITLE
Title proper/short title an AEI round table held on July 29 and 30, 1975 at the National Press Club, Washington, D.C.
260 ## - PUBLICATION, DISTRIBUTION, ETC.
Place of publication, distribution, etc. Washington D.C.
Name of publisher, distributor, etc. American Enterprise Institute for Public
Date of publication, distribution, etc. 1976
300 ## - PHYSICAL DESCRIPTION
Extent 101p.
350 ## - PRICE (NR) (BK AM CF MU VM SE) [OBSOLETE]
Price 0.00
650 ## - SUBJECT ADDED ENTRY--TOPICAL TERM
Topical term or geographic name entry element LAW
650 ## - SUBJECT ADDED ENTRY--TOPICAL TERM
Topical term or geographic name entry element FREEDOM OF PRESS
700 ## - ADDED ENTRY--PERSONAL NAME
Personal name Abel, Elie
995 ## - RECOMMENDATION 995 [LOCAL, UNIMARC FRANCE]
-- 0.00
-- CBU-MAIN LIBRARY (Kitwe)
-- 1
-- 2.50
-- 1
-- DAMAGED
-- Main Library Open Access Collection
Holdings
Withdrawn status Lost status Source of classification or shelving scheme Damaged status Not for loan Home library Current library Shelving location Date acquired Total Checkouts Full call number Barcode Date last seen Price effective from Koha item type
          CBU-MAIN LIBRARY, KITWE. CBU-MAIN LIBRARY, KITWE.   11/30/2022   KB 53 Fre 009000 11/30/2022 11/30/2022 MONOGRAPH